| 000 | 00538nam a22001457a 4500 | ||
|---|---|---|---|
| 003 | SGT | ||
| 082 |
_a617.645 _bE23Y |
||
| 100 | _aYadav, Nitish | ||
| 245 |
_aEffect of biodentine pulpotomy intreatment of pulpally involved carious primary molars using 0.2% chlorhexidine versus 1% sodium hypochlorite as haemostatic agents _bA prospective clinical trial |
||
| 260 |
_aGurugram, Haryana _bSGT University _c2023 |
||
| 300 | _a80 | ||
| 650 | _aPediatric & preventive Dentistry | ||
| 653 | _aPediatric & preventive Dentistry | ||
| 942 |
_2ddc _cTH |
||
| 999 |
_c23730 _d23730 |
||